01354nam a2200265Ia 4500001000600000003000900006008004100015040001300056040001300069041001300082100002000095100002900115240004400144240003500188245003100223245003000254250001100284260001200295260001400307260004900321300005700370500061200427650001801039650003101057C0735IT-RoPAU130308s9999 xx 000 0 und d aIT-RoPAU cIT-RoPAU aITALIANO aDavidson Donald gCodice Aut. SPICS: 7522 aINQUIRIES INTO TRUTH AND INTERPRETATION gCodice Tit. Orig. Spics: T2756 aVerità e Interpretazione bVerita' e Interpretazione a1a ed. aBOLOGNA bIl Mulino c1994 [1° Ed.:1994 - Ed.Ling.Originale:1984] a"400 p. (prefazione: no ; testo: 400 [pagine: 0-0])" aIntroduzione All'Edizione Italiana di Eva Picardi. Verità e Significato: teorie del Significato e Lingue Apprendibili, fedeli Ai Fatti, Semantica per le Lingue Naturali, in Difesa della Convenzione V. Applicazioni: Citazione, Dire Che, Modi Verbali ed Esecuzioni. Interpretazione Radicale: Credenzae Base del Significato, Pensare e Discorrere, Risposta a Foster. Linguaggio e Realta': Schema Concettuale, Metodo della Verità in Metafisica, Realtà senza Riferimento, Imperscrutabilità del Riferimento. Limiti del Letterale: che Cosa Significano le Metafore, Comunicazione e Convenzione. Bibliografia. aEPISTEMOLOGIA eCodice materia Spics: 3051